LDR 00748naa#a2200169#i#450# 001 EN\INFRA-M\bibl\114075 005 20260501124705.5 011 ## _a2500-0500 100 ## _a20260303b2026####ek#y0engy0150####ca 102 ## _aRU 200 1# _aOrganization and conduct of field ethno-linguistic research in villages and small towns of the North (using the example of Ugra) _eJournal article 210 1# _aMoscow _cINFRA-M Academic Publishing LLC. _d2026 215 ## _a4 с. 608 ## _aJournal article _2local 675 ## _aДемография. Социология. Статистика. 31 _aТеория, методология и методы общественных наук в целом. Социография. 30 _z 700 #1 _aTkachuk _gN. V. 856 4# _anaukaru.ru _u